00509nmm a2200169Ia 4500008004100000020001800041041000800059100002100067245004200088264005800130300001800188490003500206650002300241856005100264942000700315999001700322251105s9999||||xx |||||||||||||||||und|| a9788495107039 aspa aZimic, Stanislav 0aLos cuentos y las novelas del Quijote a[Madrid, España] :bIberoamericana Vervuert, c1998 a352 páginas aBiblioteca Áurea Hispánica aSpanish literature uhttps://public.digitaliapublishing.com/a/15365 cCF c89530d89530